Noord-Holland Gemeenten met kaart (2026) - Statistics

General Stats
  • This quiz has been taken 20 times
  • The average score is 32 of 44
Answers on the Map
Answers color-coded by a green-red scale on the quiz's map according to % correct below.
 
Answer Stats
Answer % Correct
Alkmaar
100%
Amsterdam
100%
Bergen
100%
Den Helder
100%
Edam-Volendam
100%
Enkhuizen
100%
Haarlem
100%
Haarlemmermeer
100%
Hoorn
100%
Texel
100%
Waterland
100%
Zandvoort
100%
Amstelveen
83%
Castricum
83%
Hollands Kroon
83%
Huizen
83%
Purmerend
83%
Schagen
83%
Wormerland
83%
Zaanstad
83%
Beverwijk
67%
Blaricum
67%
Bloemendaal
67%
Diemen
67%
Heiloo
67%
Hilversum
67%
Medemblik
67%
Stede Broec
67%
Uitgeest
67%
Uithoorn
67%
Velsen
67%
Wijdemeren
67%
Aalsmeer
50%
Dijk en Waard
50%
Gooise Meren
50%
Heemskerk
50%
Heemstede
50%
Landsmeer
50%
Laren
50%
Oostzaan
50%
Ouder-Amstel
50%
Koggenland
33%
Opmeer
33%
Drechterland
0%
No matching quizzes found
Score Distribution
Percent of People with Each Score
Percentile by Number Answered
Your Score History
You have not taken this quiz